000
00206nam a22000857a 4500
008
161116b xxu||||| |||| 00| 0 eng d
100
_9
1238
_a
BPI India
245
_a
Atmaram
260
_a
New delhi
_b
BPI India
_c
2011
999
_c
3943
_d
3943